Pays d'Europe par lettre - Statistiques

Statistiques générales
  • Ce quiz a été pris 768 fois
  • Le résultat moyen est 15 sur 18
Statistiques - réponses
Hint Réponse % Correct
A Albanie, Allemagne, Andorre, Autriche
98%
B Belgique, Biélorussie, Bosnie, Bulgarie
98%
F Finlande, France
98%
E Espagne, Estonie
96%
D Danemark
93%
I Irlande, Islande, Italie
88%
L Lettonie, Liechtenstein, Lituanie, Luxembourg
86%
M Macédoine du nord, Malte, Moldavie, Monaco, Monténégro
82%
R République Tchèque, Roumanie, Royaume-Uni, Russie
82%
S Saint-Marin, Serbie, Slovaquie, Slovénie, Suède, Suisse
82%
H Hongrie
81%
P Pays-bas, Pologne, Portugal
81%
C Croatie
74%
K Kosovo
71%
V Vatican
63%
G Grèce
61%
U Ukraine
59%
N Norvège
57%
Aucun quiz correspondant
Distribution des résultats
% des personnes avec chaque résultat
Percentile par nombre de réponses
Votre historique - résultats
Vous n’avez pas pris ce quiz